000 00575nam a2200241Ia 4500
005 20260306150643.0
008 008 260114s9999 xx 000 0 eng d
020 _a9783112318515
037 _aEbook
040 _aCRL
040 _beng
040 _cCRL
041 _2eng
041 _aeng
084 _qCRL
245 0 _aFundamentals of Adhesion and Interfaces
260 _bDe Gruyter
260 _c1995
650 _aMaterials Sciences
_91124033
856 _uhttps://www.degruyter.com/isbn/9783112318515
942 _cEBOOK
999 _c1698501
_d1698501